| 000 | 00320nam a2200097Ia 4500 | ||
|---|---|---|---|
| 008 | 220204s9999 xx 000 0 und d | ||
| 082 |
_a338.43.01 _bSAI |
||
| 245 | 0 | _aFoodgrain situation in SAARC countries, Bulletin No.9 Crop year 2009-2010 | |
| 260 |
_aBangladesh _bSAARC Agricultural Information Center _c2010 |
||
| 942 | _cBK | ||
| 999 |
_c44503 _d44503 |
||